<?xml version="1.0" encoding="UTF-8"?>
<record
    xmlns:xsi="http://www.w3.org/2001/XMLSchema-instance"
    xsi:schemaLocation="http://www.loc.gov/MARC21/slim http://www.loc.gov/standards/marcxml/schema/MARC21slim.xsd"
    xmlns="http://www.loc.gov/MARC21/slim">

  <leader>01274nam2a22002531  4500</leader>
  <controlfield tag="001">rc\4933806</controlfield>
  <controlfield tag="005">20250612205925.0</controlfield>
  <datafield tag="021" ind1=" " ind2=" ">
    <subfield code="a">RU</subfield>
    <subfield code="b">&#x420;&#x433;7431-62</subfield>
  </datafield>
  <datafield tag="035" ind1=" " ind2=" ">
    <subfield code="a">(NLR Aleph) 008847787</subfield>
  </datafield>
  <datafield tag="090" ind1=" " ind2=" ">
    <subfield code="a">8381639</subfield>
    <subfield code="c">8381639</subfield>
  </datafield>
  <datafield tag="100" ind1=" " ind2=" ">
    <subfield code="a">20130426d1962    |||y0rusy50      ca</subfield>
  </datafield>
  <datafield tag="101" ind1="0" ind2=" ">
    <subfield code="a">rus</subfield>
  </datafield>
  <datafield tag="102" ind1=" " ind2=" ">
    <subfield code="a">RU</subfield>
  </datafield>
  <datafield tag="105" ind1=" " ind2=" ">
    <subfield code="a">a   z   |||||</subfield>
  </datafield>
  <datafield tag="200" ind1="1" ind2=" ">
    <subfield code="a">&#x41E;&#x43F;&#x440;&#x435;&#x434;&#x435;&#x43B;&#x435;&#x43D;&#x438;&#x435; &#x43F;&#x43B;&#x43E;&#x442;&#x43D;&#x43E;&#x441;&#x442;&#x438; &#x442;&#x435;&#x43B; &#x43F;&#x440;&#x430;&#x432;&#x438;&#x43B;&#x44C;&#x43D;&#x43E;&#x439; &#x433;&#x435;&#x43E;&#x43C;&#x435;&#x442;&#x440;&#x438;&#x447;&#x435;&#x441;&#x43A;&#x43E;&#x439; &#x444;&#x43E;&#x440;&#x43C;&#x44B;</subfield>
    <subfield code="f">[&#x421;&#x43E;&#x441;&#x442;.: &#x412;.&#x411;. &#x41E;&#x43A;&#x443;&#x43D;&#x435;&#x432;]</subfield>
  </datafield>
  <datafield tag="210" ind1=" " ind2=" ">
    <subfield code="d">1962</subfield>
    <subfield code="a">&#x411;. &#x43C;.</subfield>
  </datafield>
  <datafield tag="215" ind1=" " ind2=" ">
    <subfield code="a">19 &#x441;.</subfield>
    <subfield code="c">&#x438;&#x43B;.</subfield>
  </datafield>
  <datafield tag="461" ind1=" " ind2="0">
    <subfield code="1">001rc\4933805</subfield>
    <subfield code="1">2001#$a&#x420;&#x443;&#x43A;&#x43E;&#x432;&#x43E;&#x434;&#x441;&#x442;&#x432;&#x43E; &#x43A; &#x43B;&#x430;&#x431;&#x43E;&#x440;&#x430;&#x442;&#x43E;&#x440;&#x43D;&#x44B;&#x43C; &#x440;&#x430;&#x431;&#x43E;&#x442;&#x430;&#x43C; &#x43F;&#x43E; &#x444;&#x438;&#x437;&#x438;&#x43A;&#x435; (&#x43C;&#x435;&#x445;&#x430;&#x43D;&#x438;&#x43A;&#x430;)$e&#x414;&#x43B;&#x44F; &#x441;&#x442;&#x443;&#x434;&#x435;&#x43D;&#x442;&#x43E;&#x432;-&#x437;&#x430;&#x43E;&#x447;&#x43D;&#x438;&#x43A;&#x43E;&#x432;$e[1]-$f&#x411;&#x435;&#x43B;&#x43E;&#x440;&#x443;&#x441;. &#x43F;&#x43E;&#x43B;&#x438;&#x442;&#x435;&#x445;&#x43D;. &#x438;&#x43D;-&#x442;. &#x41A;&#x430;&#x444;&#x435;&#x434;&#x440;&#x430; &#x444;&#x438;&#x437;&#x438;&#x43A;&#x438;$v[1]</subfield>
    <subfield code="9">8381634</subfield>
    <subfield code="c">&#x41C;&#x438;&#x43D;&#x441;&#x43A;</subfield>
    <subfield code="d">1962</subfield>
    <subfield code="f">&#x411;&#x435;&#x43B;&#x43E;&#x440;&#x443;&#x441;. &#x43F;&#x43E;&#x43B;&#x438;&#x442;&#x435;&#x445;&#x43D;. &#x438;&#x43D;-&#x442;. &#x41A;&#x430;&#x444;&#x435;&#x434;&#x440;&#x430; &#x444;&#x438;&#x437;&#x438;&#x43A;&#x438;</subfield>
    <subfield code="n">&#x418;&#x437;&#x434;-&#x432;&#x43E; &#x41C;&#x412;&#x421;&#x421; &#x438; &#x41F;&#x41E; &#x411;&#x421;&#x421;&#x420;</subfield>
    <subfield code="o">&#x414;&#x43B;&#x44F; &#x441;&#x442;&#x443;&#x434;&#x435;&#x43D;&#x442;&#x43E;&#x432;-&#x437;&#x430;&#x43E;&#x447;&#x43D;&#x438;&#x43A;&#x43E;&#x432; : [1]-</subfield>
    <subfield code="t">&#x420;&#x443;&#x43A;&#x43E;&#x432;&#x43E;&#x434;&#x441;&#x442;&#x432;&#x43E; &#x43A; &#x43B;&#x430;&#x431;&#x43E;&#x440;&#x430;&#x442;&#x43E;&#x440;&#x43D;&#x44B;&#x43C; &#x440;&#x430;&#x431;&#x43E;&#x442;&#x430;&#x43C; &#x43F;&#x43E; &#x444;&#x438;&#x437;&#x438;&#x43A;&#x435; (&#x43C;&#x435;&#x445;&#x430;&#x43D;&#x438;&#x43A;&#x430;)</subfield>
    <subfield code="v">[1]</subfield>
  </datafield>
  <datafield tag="702" ind1=" " ind2="1">
    <subfield code="a">&#x41E;&#x43A;&#x443;&#x43D;&#x435;&#x432;</subfield>
    <subfield code="b">&#x412;.&#x411;.</subfield>
    <subfield code="4">220</subfield>
  </datafield>
  <datafield tag="801" ind1=" " ind2="0">
    <subfield code="a">RU</subfield>
    <subfield code="b">NLR</subfield>
    <subfield code="g">psbo</subfield>
  </datafield>
  <datafield tag="801" ind1=" " ind2="1">
    <subfield code="a">RU</subfield>
    <subfield code="b">ELAR</subfield>
    <subfield code="2">rusmarc</subfield>
  </datafield>
  <datafield tag="852" ind1=" " ind2=" ">
    <subfield code="a">NLR</subfield>
    <subfield code="j">62-4/16100</subfield>
  </datafield>
  <datafield tag="942" ind1=" " ind2=" ">
    <subfield code="c">BOOK</subfield>
  </datafield>
  <datafield tag="980" ind1=" " ind2=" ">
    <subfield code="a">NB</subfield>
  </datafield>
  <datafield tag="995" ind1=" " ind2=" ">
    <subfield code="5">2013-10-26</subfield>
    <subfield code="b">NLR01</subfield>
    <subfield code="c">NLR01</subfield>
    <subfield code="e">RF31</subfield>
    <subfield code="f">8847787-10</subfield>
    <subfield code="k">62-4/16100</subfield>
    <subfield code="o">0</subfield>
    <subfield code="r">BOOK</subfield>
    <subfield code="s">62416100_</subfield>
  </datafield>
</record>
